Client abuse and neglect in TDMHMR facilities : a programmed, self-instructional lesson module /

Bibliographic Details
Corporate Author: San Antonio State Hospital and San Antonio State School
Format: Government Document Book
Language:English
Published: San Antonio, Tex. : San Antonio State Hospital, [1984]
Subjects:

MARC

Tag First Indicator Second Indicator Subfields
LEADER 00000cam a2200000 a 4500
001 in00001069318
005 20150929093029.0
008 850114s1984 txu s00000 eng d
035 |a (OCoLC)11576649 
035 |9 AFM7705AM 
040 |a IKM  |c IKM  |d UtOrBLW 
049 |a IKMd 
086 |a S300.5 C611 1984  |2 txdocs 
099 9 |a S300.5  |a C611  |a 1984 
110 2 |a San Antonio State Hospital and San Antonio State School. 
245 1 0 |a Client abuse and neglect in TDMHMR facilities :  |b a programmed, self-instructional lesson module /  |c prepared by Staff Development. 
264 1 |a San Antonio, Tex. :  |b San Antonio State Hospital,  |c [1984] 
300 |a 13 leaves ;  |c 28 cm. 
336 |a text  |b txt  |2 rdacontent 
337 |a unmediated  |b n  |2 rdamedia 
338 |a volume  |b nc  |2 rdacarrier 
500 |a Cover title. 
500 |a "October 1984." 
650 0 |a People with mental disabilities  |x Care  |z Texas. 
610 1 0 |a Texas.  |b Department of Mental Health and Mental Retardation. 
999 |a MARS 
999 f f |s dd6a9926-99e2-31c7-89ac-043c4cdd0314  |i d45f2b11-30d2-3c2a-8caf-378e1c15710f  |t 0 
952 f f |p normal  |a Texas A&M University  |b College Station  |c Sterling C. Evans Library  |d Evans: Texas Documents (Annex 5th floor)  |t 0  |e S300.5 C611 1984  |h Other scheme  |i unmediated -- volume  |m A14815750308 
998 f f |a S300.5 C611 1984  |t 0  |l Evans: Texas Documents (Annex 5th floor)